| 000 | 00619nam a2200241 a 4500 | ||
|---|---|---|---|
| 005 | 20210219152908.0 | ||
| 008 | 991125n 000 0 spa u | ||
| 035 | _aUPN01000066116 | ||
| 100 | 1 | _aRodríguez, Antonio | |
| 222 | _aCOMUNICACION EDUCATIVA SEP | ||
| 245 | _aUna biblioteca que invita a la lectura | ||
| 260 | _aMéxico | ||
| 300 | _a8-9 | ||
| 362 | 0 | _a1984 Año 1, No. 12, abr. | |
| 653 | 0 | _aBIBLIOTECAS | |
| 653 | 0 | _aBIBLIOTECAS UNIVERSITARIAS | |
| 653 | 0 | _aLECTURA | |
| 653 | 0 | _aMEXICO | |
| 653 | 0 | _aSERVICIOS BIBLIOTECARIOS | |
| 653 | 0 | _aUAM | |
| 904 |
_aAC _b003927 |
||
| 905 | _aArticulo | ||
| 999 |
_c63307 _d63307 |
||